| 000 | 00680naa a2200229 i 4500 | ||
|---|---|---|---|
| 001 | 43567 | ||
| 003 | ES-MaBCM | ||
| 005 | 20241016104613.0 | ||
| 008 | 961024s1996 fra 000 0 fre d | ||
| 021 | _axx | ||
| 035 | _a(OCoLC)1365232302 | ||
| 040 | _cES-MaBCM | ||
| 041 | 0 | _afre | |
| 043 | _afra | ||
| 100 | 1 |
_aAlkinson, Anthony B. _9944 |
|
| 245 | 1 | 3 |
_aLa distribution des revenus en Europe et aux États-Unis _cAnthony B. Alkinson |
| 650 | 2 | 7 |
_aDistribución de la renta _958427 |
| 651 | 2 | 4 |
_aEstados Unidos _9115376 |
| 651 | 2 | 4 |
_aEuropa _9115402 |
| 773 | 0 |
_aEn: _tProblèmes économiques _dParis : 1996 _w104496 _gnº 2.488, oct., p. 25-30. - Loc. S.428 |
|
| 942 | _cAREV | ||
| 999 |
_c43567 _d43567 |
||